000 00563nam a2200157Ia 4500
001 20600
003 GE_BSU
008 181216s||||||||xx |||||||||||||| ||und||
040 _cGE_BSU
245 _aТеоретическая и математическая физика Том 191 №1 Апрель 2017
245 _cГл.ред.А.А.Славнов
653 _aПериодика
653 _aТеоретическая и математическая физика Том 191 №1 Апрель 2017
653 _aპერიოდიკა
942 _cCR
999 _c53554
_d53554